[Event "SV Heiden 2 - Indische Dame Münster 1"]
[Site "Verbandsklasse 2019/2020"]
[Date "2020.02.15"]
[Round "6.1"]
[White "Frie, Michael"]
[Black "Wienen, Josef"]
[Result "1-0"]
[WhiteElo "1869"]
[BlackElo "1609"]
[PlyCount "53"]
[EventDate "2020.??.??"]
[SourceDate "2019.09.20"]

1. e4 e5 2. Nf3 d6 3. d4 Nd7 4. Nc3 c6 5. Bc4 Be7 6. O-O h6 7. a4 a5 8. Qe2
exd4 9. Nxd4 Ne5 10. Bb3 Nf6 11. h3 O-O 12. Bf4 Ng6 13. Bg3 Qb6 14. Rad1 Ne5
15. Kh1 Re8 16. f4 Ng6 17. e5 dxe5 18. fxe5 Bc5 19. Bxf7+ Kxf7 20. Qc4+ Be6 21.
Nxe6 Rxe6 22. Rd7+ Be7 23. Ne4 Ke8 24. Nxf6+ gxf6 25. Qxe6 Qb4 26. exf6 Nf8 27.
Rxe7+ 1-0

[Event "SV Heiden 2 - Indische Dame Münster 1"]
[Site "Verbandsklasse 2019/2020"]
[Date "2020.02.15"]
[Round "6.2"]
[White "Dolle, Stephan"]
[Black "Knispel Roth, Martin"]
[Result "1/2-1/2"]
[WhiteElo "1774"]
[BlackElo "1863"]
[PlyCount "37"]
[EventDate "2020.??.??"]
[SourceDate "2019.09.20"]

1. d4 e6 2. c4 Nf6 3. Nc3 Bb4 4. a3 Bxc3+ 5. bxc3 c5 6. e3 O-O 7. Bd3 Nc6 8.
Ne2 d6 9. O-O e5 10. d5 Ne7 11. e4 Ng6 12. f3 Ne8 13. Qc2 Bd7 14. Be3 Qa5 15.
Rfb1 Ba4 16. Qd2 Qc7 17. Rb2 Qd7 18. Rab1 Rb8 19. Bc2 1/2-1/2

[Event "SV Heiden 2 - Indische Dame Münster 1"]
[Site "Verbandsklasse 2019/2020"]
[Date "2020.02.15"]
[Round "6.3"]
[White "Tenberge, Norbert"]
[Black "Buchner, Ralf"]
[Result "1/2-1/2"]
[WhiteElo "1809"]
[BlackElo "1684"]
[PlyCount "79"]
[EventDate "2020.??.??"]
[SourceDate "2019.09.20"]

1. d4 g6 2. g3 Bg7 3. Bg2 Nf6 4. e4 d6 5. Ne2 O-O 6. O-O Na6 7. c4 c5 8. d5 Nc7
9. Nbc3 Bd7 10. a4 a6 11. a5 Rb8 12. Na4 Na8 13. Bd2 Ng4 14. h3 Ne5 15. Qc2 f5
16. f4 Nf7 17. Kh2 Nh6 18. Bc3 fxe4 19. Bxe4 Nf5 20. Qd3 Qe8 21. b3 Qf7 22. Ra3
Rbe8 23. Bg2 Bxc3 24. Naxc3 Qg7 25. Ra2 Nh6 26. Ne4 Nf7 27. Qd2 h6 28. Qc3 Nc7
29. Qxg7+ Kxg7 30. Rd2 Rb8 31. Ra1 b6 32. axb6 Rxb6 33. Nc1 g5 34. Rf2 g4 35.
hxg4 Bxg4 36. Rd2 h5 37. Bh3 Nh6 38. Nf2 Bxh3 39. Kxh3 Nf5 40. Ne4 1/2-1/2

[Event "SV Heiden 2 - Indische Dame Münster 1"]
[Site "Verbandsklasse 2019/2020"]
[Date "2020.02.15"]
[Round "6.4"]
[White "Wichert, Michael"]
[Black "Glotzbach, Thomas"]
[Result "0-1"]
[WhiteElo "1730"]
[BlackElo "1777"]
[PlyCount "44"]
[EventDate "2020.??.??"]
[SourceDate "2019.09.20"]

1. b4 c6 2. Bb2 Qb6 3. a3 a5 4. c3 Nf6 5. e3 d5 6. Qc2 g6 7. Be2 Bf5 8. d3 Bg7
9. Nf3 O-O 10. O-O Re8 11. Nbd2 e5 12. e4 Bd7 13. Nb3 axb4 14. axb4 Rxa1 15.
Rxa1 Na6 16. Nbd2 Bc8 17. Rb1 Qa7 18. h3 Be6 19. Ba3 Nc7 20. Nb3 dxe4 21. dxe4
Nxe4 22. Qxe4 Bf5 0-1

[Event "SV Heiden 2 - Indische Dame Münster 1"]
[Site "Verbandsklasse 2019/2020"]
[Date "2020.02.15"]
[Round "6.5"]
[White "Overesch, Dieter"]
[Black "Sicking, Andreas"]
[Result "1/2-1/2"]
[WhiteElo "1734"]
[BlackElo "1587"]
[PlyCount "51"]
[EventDate "2020.??.??"]
[SourceDate "2019.09.20"]

1. d4 e6 2. Nf3 Nf6 3. e3 b6 4. Bd3 Bb7 5. Nbd2 c5 6. c3 cxd4 7. exd4 Be7 8.
O-O O-O 9. Re1 Qc7 10. Qe2 Nd5 11. g3 f5 12. Nc4 Nc6 13. Nce5 Nf6 14. Bf4 Qd8
15. Rad1 Qe8 16. Bb5 Ne4 17. Nd2 g5 18. Bxc6 dxc6 19. Nxe4 gxf4 20. Nd2 Kh8 21.
Qf3 fxg3 22. hxg3 Rb8 23. Qf4 Qh5 24. Qf3 Qe8 25. Qf4 Qh5 26. Qf3 1/2-1/2

[Event "SV Heiden 2 - Indische Dame Münster 1"]
[Site "Verbandsklasse 2019/2020"]
[Date "2020.02.15"]
[Round "6.6"]
[White "Spoeler, Gerd"]
[Black "Ter Veen, Michael"]
[Result "1/2-1/2"]
[WhiteElo "1599"]
[BlackElo "1658"]
[PlyCount "81"]
[EventDate "2020.??.??"]
[SourceDate "2019.09.20"]

1. d4 d5 2. c4 e6 3. Nc3 Nf6 4. Bg5 Be7 5. e3 c6 6. Nf3 Nbd7 7. Bd3 O-O 8. O-O
dxc4 9. Bxc4 b5 10. Bd3 a6 11. Ne4 Nxe4 12. Bxe7 Qxe7 13. Bxe4 Bb7 14. Ne5 Nxe5
15. dxe5 c5 16. Qc2 Bxe4 17. Qxe4 Rac8 18. a4 c4 19. axb5 axb5 20. Rfc1 Rfd8
21. Rc2 Rd5 22. Kf1 Rcd8 23. Ke2 h6 24. f4 g6 25. g4 Qb4 26. f5 Rd2+ 27. Kf3
exf5 28. gxf5 Rxc2 29. Qxc2 Qd2 30. Qxd2 Rxd2 31. fxg6 fxg6 32. Ra7 Rxb2 33. e6
Kf8 34. Ke4 Rxh2 35. Ke5 Rf2 36. e4 c3 37. Ra8+ Ke7 38. Ra7+ Ke8 39. Ra8+ Ke7
40. Ra7+ Ke8 41. Ra8+ 1/2-1/2

[Event "SV Heiden 2 - Indische Dame Münster 1"]
[Site "Verbandsklasse 2019/2020"]
[Date "2020.02.15"]
[Round "6.7"]
[White "Dittberner, Markus"]
[Black "Skrodzki, Heinz Werner"]
[Result "1/2-1/2"]
[WhiteElo "1577"]
[BlackElo "1526"]
[PlyCount "44"]
[EventDate "2020.??.??"]
[SourceDate "2019.09.20"]

1. e4 d6 2. d4 Nf6 3. Nc3 g6 4. Bc4 Bg7 5. f3 O-O 6. Be3 c6 7. Nge2 b5 8. Bb3
a5 9. a4 b4 10. Nb1 Qc7 11. Nd2 Ba6 12. Bc4 Nfd7 13. c3 Bxc4 14. Nxc4 Nb6 15.
Nxb6 Qxb6 16. Qd2 c5 17. O-O Na6 18. Rfd1 Rfd8 19. Bg5 Qc7 20. Nf4 bxc3 21.
bxc3 cxd4 22. cxd4 Nb4 1/2-1/2

[Event "SV Heiden 2 - Indische Dame Münster 1"]
[Site "Verbandsklasse 2019/2020"]
[Date "2020.02.15"]
[Round "6.8"]
[White "Temminghoff, Alois"]
[Black "Blume, Heidrun"]
[Result "0-1"]
[WhiteElo "1560"]
[BlackElo "1558"]
[PlyCount "50"]
[EventDate "2020.??.??"]
[SourceDate "2019.09.20"]

1. e4 d5 2. exd5 Qxd5 3. Nc3 Qa5 4. Bc4 Nf6 5. h3 c6 6. a3 e5 7. d3 Be7 8. Bd2
Qc7 9. Nf3 O-O 10. Ng5 h6 11. Nge4 Nbd7 12. b4 Nb6 13. Bb3 Nbd5 14. Nxf6+ Nxf6
15. Qf3 Bd7 16. O-O Rad8 17. Rfe1 c5 18. Nd5 Nxd5 19. Bxd5 b6 20. Qg3 Kh7 21.
Qxe5 Qxe5 22. Rxe5 Bf6 23. Rae1 Bxe5 24. Rxe5 Rde8 25. Be4+ f5 0-1

[Event "SK Dülmen 2 - SC Hiltrup 1"]
[Site "Verbandsklasse 2019/2020"]
[Date "2020.02.15"]
[Round "6.1"]
[White "Kammers, Heribert"]
[Black "Stegemann, Norbert"]
[Result "1/2-1/2"]
[WhiteElo "1941"]
[BlackElo "1871"]
[PlyCount "44"]
[EventDate "2020.??.??"]
[SourceDate "2019.09.20"]

1. b4 d5 2. Nf3 Nf6 3. Bb2 Bf5 4. e3 e6 5. a3 Be7 6. c4 O-O 7. d4 dxc4 8. Bxc4
Nbd7 9. O-O Nb6 10. Be2 Ne4 11. Ne5 h6 12. f3 Nf6 13. e4 Bh7 14. Bc1 Nfd7 15.
Nxd7 Qxd7 16. Be3 Rfd8 17. Qc1 Bg5 18. Rd1 Bxe3+ 19. Qxe3 Qe7 20. Nc3 Rd7 21.
Rd2 Rad8 22. Rad1 c6 1/2-1/2

[Event "SK Dülmen 2 - SC Hiltrup 1"]
[Site "Verbandsklasse 2019/2020"]
[Date "2020.02.15"]
[Round "6.2"]
[White "Gehlen, Horst"]
[Black "Junk, Phillip"]
[Result "0-1"]
[WhiteElo "1737"]
[BlackElo "1929"]
[PlyCount "98"]
[EventDate "2020.??.??"]
[SourceDate "2019.09.20"]

1. e4 e5 2. Nf3 Nc6 3. Bb5 a6 4. Ba4 d6 5. c3 Nf6 6. d3 g6 7. Bg5 b5 8. Bc2 Bg7
9. O-O O-O 10. Re1 Re8 11. d4 Bb7 12. d5 Ne7 13. Nbd2 c6 14. dxc6 Nxc6 15. Nf1
Qc7 16. Ne3 Ne7 17. Bxf6 Bxf6 18. Nd5 Nxd5 19. exd5 Qc5 20. Bb3 Bg7 21. Ng5 Re7
22. Qd3 h6 23. Ne4 Qb6 24. Qe3 Qxe3 25. Rxe3 Rd8 26. Rd1 f5 27. Nd2 Rc8 28. c4
e4 29. cxb5 axb5 30. Kf1 Bxb2 31. Nf3 Rc5 32. Nd4 Bxd4 33. Rxd4 Re5 34. f4 Re7
35. Kf2 Kg7 36. h3 Rec7 37. Ke2 Rc3 38. Kf2 Bc8 39. Ke2 Kf6 40. Kf2 g5 41.
fxg5+ hxg5 42. Rb4 Bd7 43. Rd4 Ke5 44. Rd2 Rxe3 45. Kxe3 Rc3+ 46. Ke2 f4 47.
Rb2 f3+ 48. Kf2 fxg2 49. Kxg2 Bxh3+ 0-1

[Event "SK Dülmen 2 - SC Hiltrup 1"]
[Site "Verbandsklasse 2019/2020"]
[Date "2020.02.15"]
[Round "6.3"]
[White "Voigt, Stefan"]
[Black "Hussein, Zaman"]
[Result "1-0"]
[WhiteElo "1733"]
[BlackElo "1664"]
[PlyCount "49"]
[EventDate "2020.??.??"]
[SourceDate "2019.09.20"]

1. e4 c5 2. Nc3 Nc6 3. g3 d6 4. Bg2 g6 5. d3 Bg7 6. Be3 Nf6 7. h3 a6 8. Qd2 Qc7
9. Bh6 Bxh6 10. Qxh6 Bd7 11. Nge2 O-O-O 12. O-O Rdg8 13. Qd2 Ne5 14. f4 Nc6 15.
Rab1 h5 16. Nd5 Qd8 17. Ne3 Be6 18. a3 h4 19. g4 Nh7 20. b4 cxb4 21. axb4 Nb8
22. b5 f6 23. bxa6 bxa6 24. Nd4 Bf7 25. Rxb8+ 1-0

[Event "SK Dülmen 2 - SC Hiltrup 1"]
[Site "Verbandsklasse 2019/2020"]
[Date "2020.02.15"]
[Round "6.4"]
[White "Stein, Michael"]
[Black "Buchholz, Christian"]
[Result "0-1"]
[WhiteElo "1716"]
[BlackElo "1650"]
[PlyCount "84"]
[EventDate "2020.??.??"]
[SourceDate "2019.09.20"]

1. e4 c5 2. d4 cxd4 3. c3 dxc3 4. Nxc3 e5 5. Nf3 Nc6 6. Bc4 d6 7. h3 Be6 8.
Bxe6 fxe6 9. O-O Nf6 10. Qb3 Qd7 11. Rd1 Be7 12. Be3 O-O 13. Ng5 Na5 14. Qxe6+
Qxe6 15. Nxe6 Rfc8 16. Nb5 Nc4 17. Bxa7 Nxe4 18. b3 Na3 19. Nxa3 Rxa7 20. Nb5
Ra5 21. a4 Rxb5 22. axb5 Kf7 23. f3 Nc3 24. Rd3 Kxe6 25. Kf2 h6 26. b6 Nd5 27.
Ra7 Rb8 28. Rd1 Bd8 29. Kg3 Bxb6 30. Raa1 Nc3 31. Rd3 Bd4 32. Re1 Kf6 33. Kg4
g5 34. h4 gxh4 35. f4 Rg8+ 36. Kh5 Nd5 37. fxe5+ dxe5 38. Rf1+ Ke6 39. Kxh4 Ne3
40. Rf3 Nxg2+ 41. Kh5 e4 42. Rxd4 exf3 0-1

[Event "SK Dülmen 2 - SC Hiltrup 1"]
[Site "Verbandsklasse 2019/2020"]
[Date "2020.02.15"]
[Round "6.5"]
[White "Haves, Daniel"]
[Black "Lober, Sascha"]
[Result "0-1"]
[WhiteElo "1640"]
[BlackElo "1641"]
[PlyCount "44"]
[EventDate "2020.??.??"]
[SourceDate "2019.09.20"]

1. f4 d5 2. Nf3 Bf5 3. e3 e6 4. d3 Nf6 5. Be2 Be7 6. O-O O-O 7. a4 c5 8. Na3
Nc6 9. c3 Qb6 10. Nh4 Bg6 11. f5 exf5 12. Nxf5 Rae8 13. Qe1 Ne5 14. d4 cxd4 15.
exd4 Bxa3 16. bxa3 Nd3 17. Qd2 Nxc1 18. Raxc1 Ne4 19. Qc2 Nxc3 20. Qxc3 Rxe2
21. Ne3 Be4 22. Nf5 Rxg2+ 0-1

[Event "SK Dülmen 2 - SC Hiltrup 1"]
[Site "Verbandsklasse 2019/2020"]
[Date "2020.02.15"]
[Round "6.6"]
[White "Wilms, Gerwin"]
[Black "Junk, Andreas"]
[Result "1/2-1/2"]
[WhiteElo "1607"]
[BlackElo "1728"]
[PlyCount "63"]
[EventDate "2020.??.??"]
[SourceDate "2019.09.20"]

1. e4 c5 2. Nf3 d6 3. d4 cxd4 4. Nxd4 Nf6 5. Nc3 g6 6. Be3 Nbd7 7. f3 a6 8. Qd2
Bg7 9. Nb3 Qc7 10. g4 Ne5 11. Be2 b5 12. a3 Bb7 13. h4 h5 14. g5 Nfd7 15. Bd4
O-O 16. f4 Nc4 17. Bxc4 Qxc4 18. Bxg7 Kxg7 19. Na5 Qc7 20. Nxb7 Qxb7 21. O-O-O
Nb6 22. Qd4+ Kg8 23. b3 Rac8 24. Nd5 Nxd5 25. Qxd5 Qc7 26. Rh2 Qc3 27. Kb1 Qg3
28. Qd2 Rc5 29. Qf2 Qc3 30. Rd3 Qg7 31. e5 Rc6 32. exd6 1/2-1/2

[Event "SK Dülmen 2 - SC Hiltrup 1"]
[Site "Verbandsklasse 2019/2020"]
[Date "2020.02.15"]
[Round "6.7"]
[White "Vera, Antonio"]
[Black "Bienhuels, Michael"]
[Result "1/2-1/2"]
[WhiteElo "1713"]
[BlackElo "1658"]
[PlyCount "48"]
[EventDate "2020.??.??"]
[SourceDate "2019.09.20"]

1. d4 c5 2. dxc5 e6 3. Nf3 Bxc5 4. b3 Nf6 5. e3 Nc6 6. Be2 a6 7. O-O O-O 8. Bb2
d5 9. c4 Qe7 10. cxd5 Nxd5 11. Nc3 Nxc3 12. Bxc3 b5 13. Qc2 Bb7 14. Rac1 Rac8
15. Qb2 f6 16. Rcd1 e5 17. a4 b4 18. Bd2 Kh8 19. Ne1 e4 20. Nc2 Rfd8 21. Bc1 a5
22. Rxd8+ Rxd8 23. Rd1 Rxd1+ 24. Bxd1 Qe5 1/2-1/2

[Event "SK Dülmen 2 - SC Hiltrup 1"]
[Site "Verbandsklasse 2019/2020"]
[Date "2020.02.15"]
[Round "6.8"]
[White "Hoffmann, Klaus Peter"]
[Black "Jeromin, Rudolf Gustav"]
[Result "1/2-1/2"]
[WhiteElo "1522"]
[BlackElo "1622"]
[PlyCount "45"]
[EventDate "2020.??.??"]
[SourceDate "2019.09.20"]

1. c4 e6 2. d4 d5 3. Nc3 Nf6 4. Bg5 Be7 5. e3 Nbd7 6. Nf3 O-O 7. Bd3 h6 8. Bh4
b6 9. O-O Bb7 10. cxd5 exd5 11. Nd2 c5 12. b3 cxd4 13. exd4 Rc8 14. Rc1 Bb4 15.
Ncb1 Rxc1 16. Qxc1 Qc8 17. Qb2 Qe8 18. Bg3 Nh5 19. Bc7 Qe6 20. Nf3 Rc8 21. Bg3
Nxg3 22. hxg3 Nf6 23. a3 1/2-1/2

[Event "SV Heiden 1 - SC Klein-Berlin Rheine 2"]
[Site "Verbandsklasse 2019/2020"]
[Date "2020.02.15"]
[Round "6.1"]
[White "Van Dijk, Guido"]
[Black "Wienen, Hermann"]
[Result "1/2-1/2"]
[WhiteElo "1798"]
[BlackElo "1966"]
[PlyCount "44"]
[EventDate "2020.??.??"]
[SourceDate "2019.09.20"]

1. e4 e5 2. Nf3 Nc6 3. Bc4 Bc5 4. Nc3 Nf6 5. d3 h6 6. Be3 Bxe3 7. fxe3 d6 8. a3
Ne7 9. Nd5 Nexd5 10. exd5 O-O 11. e4 Ng4 12. Qe2 f5 13. h3 fxe4 14. dxe4 Nf6
15. O-O-O Nh5 16. Qe3 Qf6 17. Kb1 Qf4 18. Rhe1 Bxh3 19. Nxe5 Qxe5 20. Qxh3 Rae8
21. Re3 Rf7 22. Rf3 Rxf3 1/2-1/2

[Event "SV Heiden 1 - SC Klein-Berlin Rheine 2"]
[Site "Verbandsklasse 2019/2020"]
[Date "2020.02.15"]
[Round "6.2"]
[White "Berger, Alfred Josef"]
[Black "Hemmert, Michael"]
[Result "1-0"]
[WhiteElo "1863"]
[BlackElo "1775"]
[PlyCount "149"]
[EventDate "2020.??.??"]
[SourceDate "2019.09.20"]

1. Nf3 f5 2. b3 Nf6 3. c4 g6 4. Bb2 Bg7 5. d3 O-O 6. Nbd2 d6 7. h4 h5 8. g3 e5
9. Bg2 c6 10. Qc2 c5 11. e3 Nc6 12. Ng5 Qe7 13. O-O Ng4 14. Rae1 Kh8 15. a3 a5
16. Bc3 Bd7 17. Qb2 Ra7 18. f3 Nf6 19. f4 Ng4 20. Ndf3 Re8 21. Bh3 Nd8 22. fxe5
Nxe5 23. Nxe5 dxe5 24. e4 fxe4 25. Bxd7 Qxd7 26. dxe4 b6 27. Rd1 Qg4 28. Kg2
Rae7 29. Qf2 Ne6 30. Qf3 Qxf3+ 31. Rxf3 Nd4 32. Rf2 Rf8 33. Rxf8+ Bxf8 34. b4
axb4 35. axb4 Bh6 36. Nf3 Kg8 37. b5 Be3 38. Ra1 Nxf3 39. Kxf3 Bd4 40. Ra8+ Kf7
41. Bd2 Kg7 42. Ra6 Rf7+ 43. Ke2 Rf2+ 44. Ke1 Rg2 45. Rxb6 Rxg3 46. Re6 Rb3 47.
Ra6 Bc3 48. Ra2 Kf6 49. Ke2 Bxd2 50. Kxd2 g5 51. Ra6+ Kg7 52. hxg5 h4 53. Kc2
Rb4 54. Kc3 Rb1 55. Rh6 Rc1+ 56. Kb3 Rb1+ 57. Kc2 Rb4 58. Kc3 Ra4 59. Rxh4 Kg6
60. Rg4 Ra3+ 61. Kb2 Ra7 62. Rg3 Rd7 63. Kc3 Ra7 64. Rg1 Ra3+ 65. Kb2 Ra7 66.
Rf1 Kxg5 67. Rf5+ Kg4 68. Rxe5 Rc7 69. Rf5 Rc8 70. Kc3 Rc7 71. Rf6 Re7 72. Rc6
Kf4 73. Rxc5 Kxe4 74. Rd5 Rh7 75. Rd2 1-0

[Event "SV Heiden 1 - SC Klein-Berlin Rheine 2"]
[Site "Verbandsklasse 2019/2020"]
[Date "2020.02.15"]
[Round "6.3"]
[White "Miethe, Christoph"]
[Black "Sicking, Norbert"]
[Result "1/2-1/2"]
[WhiteElo "1771"]
[BlackElo "1767"]
[PlyCount "97"]
[EventDate "2020.??.??"]
[SourceDate "2019.09.20"]

1. e4 g6 2. d4 Bg7 3. Nc3 d6 4. f4 c6 5. Nf3 Bg4 6. Be2 Qb6 7. e5 dxe5 8. fxe5
Nd7 9. h3 Bxf3 10. Bxf3 O-O-O 11. Bg4 e6 12. Bg5 Rf8 13. Ne4 h6 14. Nd6+ Kb8
15. Bh4 h5 16. Be2 f5 17. Nc4 Qc7 18. Qd3 Bh6 19. Qg3 g5 20. Bxg5 f4 21. Qh4
Bxg5 22. Qxg5 Nb6 23. Nxb6 axb6 24. Qg6 Rh6 25. Qe4 Qf7 26. Rf1 h4 27. O-O-O
Ne7 28. c4 Ng6 29. Bg4 Qe7 30. a3 Kc7 31. Rfe1 Re8 32. Qc2 Qg5 33. Kb1 Rhh8 34.
Bf3 Rd8 35. Qe4 Rhe8 36. b4 Ne7 37. b5 Qf5 38. Bg4 Qxe4+ 39. Rxe4 cxb5 40. cxb5
Nd5 41. Rc1+ Kb8 42. Kb2 Rd7 43. Kb3 Rf7 44. a4 Ka8 45. Ka3 Kb8 46. Kb3 Rfe7
47. Ka3 Rg8 48. Kb3 Ka7 49. Ka3 1/2-1/2

[Event "SV Heiden 1 - SC Klein-Berlin Rheine 2"]
[Site "Verbandsklasse 2019/2020"]
[Date "2020.02.15"]
[Round "6.4"]
[White "Niewerth, Gerd"]
[Black "Horstmann, Michael"]
[Result "0-1"]
[WhiteElo "1826"]
[BlackElo "1685"]
[PlyCount "54"]
[EventDate "2020.??.??"]
[SourceDate "2019.09.20"]

1. e4 d5 2. exd5 Qxd5 3. Nc3 Qa5 4. d4 Nf6 5. Bd3 Bg4 6. f3 Bh5 7. Nge2 e6 8.
O-O Bb4 9. Ne4 Nbd7 10. c3 Be7 11. Kh1 Bg6 12. a4 c6 13. b4 Qd8 14. Qc2 Nxe4
15. fxe4 e5 16. Bd2 O-O 17. d5 Nf6 18. dxc6 bxc6 19. c4 Qd7 20. Bc3 Rad8 21.
Nc1 Qe6 22. c5 Nh5 23. Bd2 Qd7 24. Re1 Nf4 25. Bxf4 exf4 26. Be2 Qd4 27. Bf3
Qxa1 0-1

[Event "SV Heiden 1 - SC Klein-Berlin Rheine 2"]
[Site "Verbandsklasse 2019/2020"]
[Date "2020.02.15"]
[Round "6.6"]
[White "Wigger, Niklas"]
[Black "Huesmann, Stephan"]
[Result "1-0"]
[WhiteElo "1819"]
[BlackElo "1640"]
[PlyCount "45"]
[EventDate "2020.??.??"]
[SourceDate "2019.09.20"]

1. e4 e6 2. d4 d5 3. Nd2 Nf6 4. e5 Nfd7 5. Bd3 c5 6. c3 Nc6 7. Ngf3 cxd4 8.
cxd4 f6 9. Ng5 Ndxe5 10. dxe5 Nxe5 11. Bb5+ Nc6 12. Ngf3 Bd7 13. O-O a6 14. Ba4
b5 15. Bb3 g5 16. Nxg5 fxg5 17. Qh5+ Ke7 18. Ne4 Be8 19. Bxg5+ Kd7 20. Qh3 Be7
21. Nc5+ Bxc5 22. Bxd8 Rxd8 23. Bxd5 1-0

[Event "SV Heiden 1 - SC Klein-Berlin Rheine 2"]
[Site "Verbandsklasse 2019/2020"]
[Date "2020.02.15"]
[Round "6.7"]
[White "Pohlmeier, Ulrich"]
[Black "Kloster, Elisabeth"]
[Result "1/2-1/2"]
[WhiteElo "1589"]
[BlackElo "1701"]
[PlyCount "51"]
[EventDate "2020.??.??"]
[SourceDate "2019.09.20"]

1. d4 Nf6 2. c4 g6 3. g3 Bg7 4. Bg2 d6 5. Nf3 Nbd7 6. O-O O-O 7. Nc3 c5 8. Re1
Rb8 9. e4 cxd4 10. Nxd4 Ne5 11. b3 Qb6 12. Na4 Qd8 13. Be3 Nfg4 14. Qd2 Nxe3
15. Qxe3 Bd7 16. Nc3 a6 17. Rac1 Ng4 18. Qd2 Qb6 19. Rcd1 Bc6 20. Nd5 Bxd5 21.
exd5 Rfe8 22. h3 Ne5 23. Nf3 Qc5 24. Qf4 Qa3 25. Nxe5 Bxe5 26. Qd2 1/2-1/2

[Event "SV Heiden 1 - SC Klein-Berlin Rheine 2"]
[Site "Verbandsklasse 2019/2020"]
[Date "2020.02.15"]
[Round "6.8"]
[White "Vestrick, Frank"]
[Black "Engfer, Klaus"]
[Result "1-0"]
[WhiteElo "1735"]
[BlackElo "1570"]
[PlyCount "175"]
[EventDate "2020.??.??"]
[SourceDate "2019.09.20"]

1. d4 d5 2. c4 e6 3. Nc3 Nf6 4. Bg5 Be7 5. Nf3 Nc6 6. e3 h6 7. Bh4 O-O 8. Rc1
a6 9. Bd3 dxc4 10. Bxc4 Nd5 11. Bxe7 Ncxe7 12. O-O Nxc3 13. Rxc3 Bd7 14. Qe2
Ng6 15. Rfc1 c6 16. Bd3 f5 17. Bb1 Qf6 18. a3 Kh8 19. Rd3 Rad8 20. Rcd1 Bc8 21.
Ne5 Kh7 22. f4 Ne7 23. Rf1 Nd5 24. Rd2 Bd7 25. Rc2 Be8 26. Nd3 Bd7 27. Nc5 Bc8
28. Rf3 Rd6 29. Rd2 Rdd8 30. Qd1 Qe7 31. Qb3 Qf7 32. Bd3 Nf6 33. Qc2 g6 34. b4
Rd6 35. Qb3 Rfd8 36. a4 b5 37. a5 Kg7 38. Be2 Nd5 39. Nd3 Nf6 40. Ne5 Qe8 41.
Rc2 Ne4 42. Rf1 Bb7 43. Rfc1 Rc8 44. Bf3 Qe7 45. Bxe4 fxe4 46. Rc5 Qe8 47. Qb1
Rd5 48. Qxe4 Rc7 49. Qc2 Rd6 50. Qb3 Qe7 51. R5c2 Qf6 52. Qc3 Qf5 53. Qc5 Qf8
54. Qb6 Qc8 55. Qc5 Qf8 56. Qc3 Qf5 57. Qd2 Qe4 58. Rc5 Ba8 59. Nd3 Rd5 60.
Rxd5 exd5 61. Nc5 Qe8 62. Nxa6 Re7 63. Kf2 Qc8 64. Nc5 Qg4 65. Nd3 Qh4+ 66. Kg1
Re4 67. Ne5 Qe7 68. g3 Qe6 69. Kf2 g5 70. Qe2 Qh3 71. Rh1 gxf4 72. gxf4 Bb7 73.
Qg4+ Qxg4 74. Nxg4 Re6 75. Ne5 Kh7 76. Kf3 Kg8 77. h4 Kg7 78. h5 Kh7 79. Kg4
Bc8 80. Kf3 Bb7 81. Rg1 Kh8 82. Rg6 Rxg6 83. hxg6 Kg7 84. Kg4 Bc8+ 85. Kh5 Bf5
86. a6 Bc8 87. a7 Bb7 88. Nd7 1-0

[Event "SC Gronau 2 - SF Reckenfeld 1"]
[Site "Verbandsklasse 2019/2020"]
[Date "2020.02.15"]
[Round "6.1"]
[White "Boerger, Andreas"]
[Black "Kloenne, Tim"]
[Result "1/2-1/2"]
[WhiteElo "1734"]
[BlackElo "1801"]
[PlyCount "27"]
[EventDate "2020.??.??"]
[SourceDate "2019.09.20"]

1. e4 c6 2. Nc3 d5 3. Nf3 Bg4 4. Be2 e6 5. O-O Nd7 6. d4 dxe4 7. Nxe4 Ngf6 8.
Ng3 Be7 9. h3 Bxf3 10. Bxf3 O-O 11. Re1 Re8 12. c3 Qc7 13. Qc2 c5 14. Be3
1/2-1/2

[Event "SC Gronau 2 - SF Reckenfeld 1"]
[Site "Verbandsklasse 2019/2020"]
[Date "2020.02.15"]
[Round "6.2"]
[White "Tsoukkerman, Boris Z"]
[Black "Boeckmann, Dirk"]
[Result "1/2-1/2"]
[WhiteElo "1907"]
[BlackElo "1706"]
[PlyCount "55"]
[EventDate "2020.??.??"]
[SourceDate "2019.09.20"]

1. Nf3 c6 2. d4 d5 3. c4 e6 4. Nbd2 Nf6 5. b3 g6 6. Bb2 Bg7 7. g3 Nbd7 8. Bg2
b6 9. O-O Bb7 10. Qc2 O-O 11. e4 dxe4 12. Nxe4 Nxe4 13. Qxe4 Nf6 14. Qe2 Nd7
15. Rfd1 Qc7 16. Rac1 c5 17. d5 exd5 18. Bxg7 Kxg7 19. cxd5 Rae8 20. Qb2+ Kg8
21. Ng5 Qe5 22. Qxe5 Rxe5 23. Ne4 Rxd5 24. Rxd5 Bxd5 25. Rd1 Bxe4 26. Rxd7 Bxg2
27. Kxg2 Ra8 28. Rb7 1/2-1/2

[Event "SC Gronau 2 - SF Reckenfeld 1"]
[Site "Verbandsklasse 2019/2020"]
[Date "2020.02.15"]
[Round "6.3"]
[White "Holtmannspoetter, Michael"]
[Black "Binger, Friedhelm"]
[Result "1/2-1/2"]
[WhiteElo "1602"]
[BlackElo "1703"]
[PlyCount "32"]
[EventDate "2020.??.??"]
[SourceDate "2019.09.20"]

1. c4 e6 2. d4 d5 3. Nc3 Nf6 4. e3 c6 5. Bd3 Nbd7 6. Nf3 Bd6 7. O-O O-O 8. e4
dxc4 9. Bxc4 e5 10. Bb3 h6 11. h3 Qe7 12. Re1 Re8 13. Bc2 Nf8 14. dxe5 Bxe5 15.
Nxe5 Qxe5 16. f4 Qc7 1/2-1/2

[Event "SC Gronau 2 - SF Reckenfeld 1"]
[Site "Verbandsklasse 2019/2020"]
[Date "2020.02.15"]
[Round "6.4"]
[White "Reinhold, Klaus"]
[Black "Woeste, Georg"]
[Result "1/2-1/2"]
[WhiteElo "1823"]
[BlackElo "1721"]
[PlyCount "77"]
[EventDate "2020.??.??"]
[SourceDate "2019.09.20"]

1. d4 Nf6 2. c4 e6 3. Nf3 d5 4. Nc3 Be7 5. Bf4 O-O 6. e3 c5 7. dxc5 Bxc5 8. a3
a5 9. Qc2 Bd6 10. Bg5 Be7 11. cxd5 exd5 12. Rd1 Be6 13. Bd3 Nbd7 14. O-O h6 15.
Bh4 Rc8 16. Qb1 Nc5 17. Bf5 Qb6 18. Nd4 Rfe8 19. Bc2 Rcd8 20. Na4 Nxa4 21. Bxa4
Nd7 22. Bxe7 Rxe7 23. Bxd7 Rexd7 24. Rc1 Bg4 25. h3 Bh5 26. Rc3 Bg6 27. Qc1 Be4
28. Qd2 Bg6 29. Rfc1 Kh7 30. Qe2 Re7 31. Qb5 Rd6 32. Qxb6 Rxb6 33. Rb3 Ra6 34.
Rb5 Be4 35. Rcc5 Rg6 36. g3 Bd3 37. Rxa5 b6 38. Rc3 bxa5 39. Rxd3 1/2-1/2

[Event "SC Gronau 2 - SF Reckenfeld 1"]
[Site "Verbandsklasse 2019/2020"]
[Date "2020.02.15"]
[Round "6.5"]
[White "Lachmuth, Mathias"]
[Black "Schoewer Lingemann, Thorsten"]
[Result "1-0"]
[WhiteElo "1656"]
[BlackElo "1714"]
[PlyCount "59"]
[EventDate "2020.??.??"]
[SourceDate "2019.09.20"]

1. Nf3 c5 2. b3 Nf6 3. Bb2 e6 4. e3 Be7 5. Be2 O-O 6. O-O d5 7. d4 cxd4 8. Nxd4
Nc6 9. Nd2 a6 10. c4 Bd7 11. a3 Rc8 12. b4 dxc4 13. Nxc4 b5 14. Nxc6 Bxc6 15.
Na5 Qxd1 16. Rfxd1 Bd5 17. Rac1 Rfd8 18. Bd4 Nd7 19. f3 Rxc1 20. Rxc1 e5 21.
Bb2 e4 22. Bd4 Bd6 23. f4 f5 24. Kf2 Nb8 25. g4 g6 26. gxf5 gxf5 27. Rg1+ Kf8
28. Rg5 Be6 29. Nb7 Rd7 30. Nxd6 1-0

[Event "SC Gronau 2 - SF Reckenfeld 1"]
[Site "Verbandsklasse 2019/2020"]
[Date "2020.02.15"]
[Round "6.6"]
[White "Sprenger, Franz"]
[Black "Merschkoetter, Peter"]
[Result "1/2-1/2"]
[WhiteElo "1675"]
[BlackElo "1643"]
[PlyCount "55"]
[EventDate "2020.??.??"]
[SourceDate "2019.09.20"]

1. e4 e5 2. Bc4 Nf6 3. Nc3 Be7 4. f4 Nc6 5. Nf3 d6 6. O-O Nd4 7. fxe5 Nxf3+ 8.
Qxf3 dxe5 9. d3 c6 10. Qg3 O-O 11. Ne2 Qd6 12. Bg5 Nxe4 13. Bxe7 Qxe7 14. Bxf7+
Rxf7 15. dxe4 Qc5+ 16. Kh1 Be6 17. Nc3 Raf8 18. Rfe1 Qc4 19. h3 Qc5 20. Rac1
Rf6 21. b3 Rg6 22. Qd3 Qf2 23. Rg1 Qc5 24. Na4 Qe7 25. Nb2 Qh4 26. Kh2 Qf4+ 27.
Kh1 Qh4 28. Kh2 1/2-1/2